[Event "Elitserien Allsvenskan 2018-19"]
[Site "Sweden"]
[Date "2019.03.29"]
[Round "7.6"]
[White "Ong, Kezli"]
[Black "Johansson, David"]
[Result "1-0"]
[WhiteElo "2330"]
[BlackElo "2128"]
[Annotator "TA"]
[PlyCount "64"]
[EventDate "2018.11.09"]
[EventType "team-tourn"]
[EventCountry "SWE"]
[SourceTitle "playchess.com"]
[Source "ChessBase"]
[SourceQuality "1"]

{[%evp 9,64,18,19,18,14,-24,0,-12,13,11,19,8,20,19,15,13,19,18,24,33,26,37,56,38,43,18,16,0,0,0,0,0,0,0,0,0,0,0,0,8,239,226,1985,517,1972,1893,29990,29991,29991,29992,29995,29996,29996,29997,29997,29994,29994]} 1. e4 e6 2. d4 d5 3. Bd3 c5 4. exd5 Qxd5 (4... exd5 5. Nf3 Nf6 6. O-O c4 7. Re1+ Be7 8. Be2 O-O 9. b3 cxb3 10. axb3 Nc6 11. c3 Re8 12. Nbd2 Bd6 13. Bd3 Bg4 14. Rxe8+ Qxe8 {0-1 (52) Fontaine,R (2563)-Carlsen,M (2834) chess.com INT 2018}) 5. Nf3 cxd4 6. O-O {C01: French: Exchange Variation} Nc6 7. Nbd2 Bc5 8. a3 {The position is equal.} a5 9. Re1 Nf6 10. Ne4 Be7 $146 ({Predecessor:} 10... Nxe4 11. Bxe4 Qd6 12. Qd3 {1-0 (34) Tissir,M (2387)-Maslak,K (2555) St Petersburg 2018}) 11. Bg5 e5 12. Bxf6 gxf6 13. Ng3 Be6 14. Nh4 O-O-O 15. Nhf5 Rdg8 16. Be4 {[%mdl 1024] White has compensation.} Qd7 17. Qf3 Bd8 18. b4 {[%cal Bb2b4,Bb4b5,Bb5c6][%mdl 32]} h5 19. b5 Ne7 $1 {[#] Strongly threatening ...Kb8.} 20. Bxb7+ $1 {[%mdl 512]} Kb8 (20... Qxb7 21. Nd6+) 21. Bc6 Nxc6 22. bxc6 Qd5 $1 {[%cal Rd5f3] And now ...Qxf3 would win.} 23. Rab1+ Kc7 24. Ne4 Rg4 $2 (24... Bxf5 $1 $11 25. Qxf5 Qe6 26. Qxe6 (26. Qf3 Qg4 $11) 26... fxe6) 25. Nfd6 $40 {[%mdl 128] Hoping for Rb7+. White has strong attack.} f5 $2 (25... Rxe4 26. Nxe4 f5) 26. Rb7+ Kxc6 27. Qd3 {Intending Qa6+ and mate.} Bb6 28. Rb1 {[%csl Gb7][%cal Rb1b6] White mates.} Rxg2+ 29. Kxg2 {[%csl Gb7][%cal Rb1b6]} Bc7 30. Qa6+ Kd7 {[#]} 31. Rxc7+ $1 Kxc7 32. Rb7+ Qxb7 {Accuracy: White = 75%, Black = 47%.} 1-0

[Event "Elitserien Allsvenskan 2018-19"]
[Site "Sweden"]
[Date "2019.03.29"]
[Round "7.6"]
[White "Jonsson, Mikael"]
[Black "Ornstein, Axel"]
[Result "1-0"]
[WhiteElo "2261"]
[BlackElo "2303"]
[Annotator "TA"]
[PlyCount "67"]
[EventDate "2018.11.09"]
[EventType "team-tourn"]
[EventCountry "SWE"]
[SourceTitle "playchess.com"]
[Source "ChessBase"]
[SourceQuality "1"]

{[%evp 31,66,33,34,23,48,35,45,22,26,7,22,11,31,21,31,31,31,20,17,9,11,0,25,12,55,52,43,21,26,18,29,28,287,254,29998,29999,29999]} 1. e4 e5 2. Nf3 Nc6 3. Bb5 a6 4. Ba4 Nf6 5. O-O Be7 6. Re1 b5 7. Bb3 O-O 8. c3 d6 9. d4 {[%cal Bd2d4,Bd4d5][%mdl 32]} Bg4 10. d5 Na5 11. Bc2 c6 12. h3 Bd7 13. Nxe5 dxe5 14. d6 Bxd6 {C91: Closed Ruy Lopez: 7...d6 8 c3 0-0 9 d4} (14... c5 15. Bg5 Be6 16. dxe7 Qxe7 17. Nd2 h6 18. Be3 Rfd8 19. Qe2 Nd7 20. b3 Nc6 21. Red1 b4 22. cxb4 Nxb4 {0-1 (41) Becerra Rivero,J (2531)-Fedoseev,V (2724) chess.com INT 2018}) 15. Qxd6 Nc4 16. Qd3 Be6 {LiveBook: 3 Games. White is slightly better.} 17. Qf3 Qe7 $146 ({Predecessor:} 17... Nd7 18. b3 Ncb6 19. Be3 Qe7 20. Nd2 Nc8 21. Qg3 Nd6 22. Nf3 {1-0 (54) Barrientos Chavarriaga,S (2462)-Lora,J (2167) Dosquebrad 2013}) 18. b3 Nb6 19. Nd2 Nfd7 20. a4 bxa4 21. Ba3 c5 22. bxa4 Nc4 23. Nxc4 Bxc4 24. Qe3 Rfc8 25. Rab1 Rab8 26. Red1 Rxb1 27. Rxb1 Nf8 28. Bd3 $36 {[%mdl 2048] White is more active.} Qe6 $1 29. a5 {Threatens to win with Rb6.} Bxd3 30. Qxd3 {With the idea Qd5.} Qa2 31. Bxc5 {Strongly threatening Rb7.} Rxc5 $4 {[%mdl 8192]} (31... Ne6 $11 {and Black stays safe.} 32. Be3 Qxa5) 32. Rb8 $18 {White threatens Rxf8+! and mate.} Rb5 $2 {[#]} ({Avoid the trap} 32... Qxa5 $2 33. Qd6 $18) ({And not} 32... Rxa5 33. Rxf8+ $1 {[%mdl 512]} Kxf8 34. Qd8#) ({But not} 32... Qa1+ $2 33. Kh2 $18) (32... h6 $18 33. Qd6 Kh7) 33. Rxf8+ $1 {[%mdl 512]} Kxf8 34. Qd8# {Precision: White = 66%, Black = 33%.} 1-0

[Event "Elitserien Allsvenskan 2018-19"]
[Site "Sweden"]
[Date "2019.03.29"]
[Round "7.7"]
[White "Seo, Jung Min"]
[Black "Jepson, Christian"]
[Result "1/2-1/2"]
[WhiteElo "2386"]
[BlackElo "2391"]
[Annotator "TA"]
[PlyCount "46"]
[EventDate "2018.11.09"]
[EventType "team-tourn"]
[EventCountry "SWE"]
[SourceTitle "playchess.com"]
[Source "ChessBase"]
[SourceQuality "1"]

{[%evp 12,46,27,-9,-14,-29,-5,-16,19,-50,-58,-69,-55,-75,-41,-50,-23,-84,-48,-42,-34,-92,-79,-78,-83,-137,-48,-64,0,0,0,-68,0,0,0,-66,-124]} 1. Nf3 d5 2. d4 Nf6 3. c4 e6 4. g3 dxc4 5. Bg2 a6 6. O-O Nc6 {[%cal Bb8c6,Bc6e7,Be7g6][%mdl 32]} 7. Na3 Bxa3 $1 {E04: Open Catalan: 5 Nf3} 8. bxa3 O-O 9. Bb2 Rb8 {The position is equal.} 10. Qc2 (10. Nd2 $1 $11) 10... b5 $15 11. e4 Ne7 12. Rad1 Ng6 13. Rfe1 $146 (13. h4 Qe7 14. Rfe1 Rd8 15. e5 {0-1 (39) Kozul,Z (2640)-Jovanic,O (2475) Zagreb 2004}) ({Predecessor:} 13. h4 Bb7 14. Rfe1 h6 15. Bc3 {0-1 (52) Liebert,H (2395)-Kohlweyer,B (2405) Germany 1991}) 13... Re8 14. h4 (14. a4 $11) 14... h6 15. Bc3 Bb7 16. Bh3 ({White should try} 16. a4 $15) 16... Qd6 17. Bb4 Qb6 18. Bg2 ({White should play} 18. a4) 18... Rbd8 (18... e5 $17 {And now ...exd4 would win.} 19. d5 c6) 19. Bc5 Qa5 ({Better is} 19... Qc6 $15) 20. Bb4 $1 $11 {[%cal Rb4a5]} Qb6 (20... Qa4 $11 21. Qxa4 bxa4) 21. Bc5 $15 Qa5 (21... Qc6 $15) 22. Bb4 $1 $11 {[%cal Rb4a5]} Qb6 (22... Qa4 $11 23. Qxa4 bxa4) 23. Bc5 $15 Qc6 {Accuracy: White = 51%, Black = 17%.} 1/2-1/2

[Event "Elitserien Allsvenskan 2018-19"]
[Site "Sweden"]
[Date "2019.03.29"]
[Round "7.7"]
[White "Mauritsson, Sebastian"]
[Black "Bator, Robert"]
[Result "1/2-1/2"]
[WhiteElo "2327"]
[BlackElo "2369"]
[Annotator "TA"]
[PlyCount "50"]
[EventDate "2018.11.09"]
[EventType "team-tourn"]
[EventCountry "SWE"]
[SourceTitle "playchess.com"]
[Source "ChessBase"]
[SourceQuality "1"]

{[%evp 15,50,39,33,16,31,-5,0,-3,18,10,11,0,0,0,0,0,0,0,0,0,0,0,0,0,0,0,0,-2,0,0,0,0,0,0,0,0,0]} 1. e4 c5 2. Nf3 Nc6 3. d4 cxd4 4. Nxd4 e5 5. Nb5 a6 6. Nd6+ Bxd6 7. Qxd6 Qe7 8. Qxe7+ Ngxe7 9. Nc3 {B32: Sicilian: Löwenthal and Kalashnikov Variations} d5 10. exd5 (10. Bd2 Be6 11. O-O-O O-O-O 12. f3 Kc7 13. b3 f6 14. exd5 Nxd5 15. Nxd5+ Rxd5 16. Bd3 h6 17. Be4 Rd7 18. Bc3 {½-½ (73) Carlsen,M (2837)-Radjabov,T (2788) Astana 2012}) 10... Nb4 {[%mdl 64] [#] Double Attack. The position is equal.} 11. Bd3 $1 Nxd3+ 12. cxd3 Bf5 13. Be3 Rd8 14. d4 $146 ({Predecessor:} 14. Bb6 Rd7 15. O-O-O Nxd5 16. Nxd5 Rxd5 {0-1 (42) Skalsky,A (1768)-Tomczak,M (1293) Kouty nad Desnou 2014}) 14... Nxd5 15. Nxd5 Rxd5 16. dxe5 Rxe5 17. Rc1 O-O 18. O-O h6 19. Rc7 Be4 20. Rc5 Re6 21. Bd4 Rd8 22. Bc3 Bc6 23. Re5 Red6 24. Re3 f6 25. Rfe1 Rd1 {Accuracy: White = 79%, Black = 85%.} 1/2-1/2

[Event "Elitserien Allsvenskan 2018-19"]
[Site "Sweden"]
[Date "2019.03.29"]
[Round "7.7"]
[White "Vernersson, Per"]
[Black "Bergstrom, Peter"]
[Result "0-1"]
[WhiteElo "2290"]
[BlackElo "2299"]
[Annotator "TA"]
[PlyCount "88"]
[EventDate "2018.11.09"]
[EventType "team-tourn"]
[EventCountry "SWE"]
[SourceTitle "playchess.com"]
[Source "ChessBase"]
[SourceQuality "1"]

{[%evp 15,88,29,26,18,19,14,12,12,12,10,33,0,1,0,0,0,0,0,0,-62,-14,-25,-4,-100,-106,-94,-97,-700,-710,-706,-685,-747,-745,-965,-283,-326,-275,-504,-460,-462,-255,-453,-158,-189,-179,-205,-180,-190,-209,-183,-191,-212,-185,-315,-339,-304,-264,-347,-344,-343,-270,-443,-427,-715,-659,-779,-754,-1960,-1864,-29973,-29974,-29976,-29977,-4831,-4822]} 1. d4 d5 2. c4 c6 3. Nf3 Nf6 4. Nc3 dxc4 5. a4 Bf5 6. Ne5 Nbd7 7. Nxc4 Nb6 8. Ne5 a5 9. f3 {D17: Slav Defence: 5 a4 Bf5: Lines with 6 Nh4 and 6 Ne5} (9. e3 Nfd7 10. Bd3 Bxd3 11. Nxd3 e6 12. O-O Be7 13. Qb3 O-O 14. e4 Ra6 15. Be3 Qb8 16. Rac1 Rd8 {1-0 (37) Giri,A (2782)-Aronian,L (2767) chess.com INT 2018}) 9... Nfd7 10. Nxd7 Nxd7 11. e4 {The position is equal.} Bg6 $1 12. Be3 Qb6 13. Qd2 e5 14. Rd1 O-O-O 15. d5 Bc5 16. Bxc5 Nxc5 17. g3 $146 ({Better is} 17. Bc4 $11) 17... f5 {[%cal Rf5e4]} 18. Bh3 $1 Kb8 {[%cal Rf5e4]} 19. exf5 (19. Bxf5 $11 {keeps the balance.} Bxf5 20. exf5) 19... Bf7 $17 20. Qe3 Bxd5 $1 21. Rd2 $2 {[%mdl 8192]} (21. O-O $17) 21... Bc4 $19 22. Bf1 Rxd2 23. Qxd2 Rd8 24. Qf2 {[#]} Qb4 $2 (24... Rd3 $1 {[%mdl 512]} 25. Qc2 {[%mdl 64] Pin} (25. Bxd3 Nxd3+) 25... Re3+ 26. Be2 Nd3+ 27. Kf1 Rxe2 $1 {[%mdl 512]} 28. Kxe2 Qf2+ 29. Kd1 Qxf3+ {[%mdl 64] Double Attack} 30. Kd2 Qxh1) 25. Qe3 Bxf1 26. Qxe5+ $2 (26. Kxf1 {was the only chance.} Nd3 27. Qe2) 26... Ka8 {( -> ...Nd3+)} 27. Kxf1 Nxa4 (27... Rd2 $142 28. Ne2 Nxa4) 28. Nxa4 $2 (28. Rg1 {was necessary.}) 28... Qxa4 $2 {[%mdl 4096] Endgame KQR-KQR} (28... Rd1+ $19 {and Black stays clearly on top.} 29. Kg2 Qd2+ 30. Kh3 Rxh1) 29. Kg2 Qc2+ 30. Kh3 Rd5 31. Qxg7 Qxf5+ {[%mdl 64] Double Attack} 32. Qg4 Qc2 33. b4 a4 {White must now prevent ...a3.} 34. Qe4 (34. Re1 $142) 34... Qxe4 35. fxe4 {KR-KR} Rb5 36. Re1 {[#] And now e5 would win.} Kb8 $1 ({Weaker is} 36... Rxb4 37. e5 $14) 37. e5 {aiming for e6.} Kc8 38. e6 $2 (38. Kg4 {was the only defense.} Rxb4+ 39. Kf5) 38... Kd8 39. Re4 (39. e7+ $142 Ke8 40. Kg4) 39... Ke7 40. g4 Rb6 41. Kh4 a3 {[%cal Ba4a3,Ba3a2][%mdl 32]} 42. Re3 a2 43. Re1 Rxb4 44. Ra1 Ra4 {Accuracy: White = 27%, Black = 64%.} 0-1

[Event "Elitserien Allsvenskan 2018-19"]
[Site "Sweden"]
[Date "2019.03.29"]
[Round "7.7"]
[White "Sternlund, Hakan"]
[Black "Cramling, Dan"]
[Result "0-1"]
[WhiteElo "2121"]
[BlackElo "2322"]
[Annotator "TA"]
[PlyCount "76"]
[EventDate "2018.11.09"]
[EventType "team-tourn"]
[EventCountry "SWE"]
[SourceTitle "playchess.com"]
[Source "ChessBase"]
[SourceQuality "1"]

{[%evp 20,76,0,-14,32,0,15,-36,0,-19,-11,-8,-21,-47,-47,-70,-54,-66,-68,-86,-74,-85,-55,-79,-64,-162,-160,-197,-181,-193,-184,-197,-186,-208,-164,-378,-371,-483,-285,-555,-550,-811,-806,-921,-897,-1807,-1759,-3713,-3112,-2184,-1401,-6186,-1130,-29988,-29989,-29994,-29994,-29994,-29995]} 1. c4 c5 2. Nf3 g6 3. Nc3 Bg7 4. e3 Nf6 5. d4 O-O 6. Be2 d5 7. dxc5 Qa5 8. O-O dxc4 9. Bxc4 Qxc5 10. Qe2 Nc6 11. h3 {LiveBook: 5 Games} a6 {D94: Grünfeld: 4 Nf3 Bg7 5 e3} (11... e5 12. e4 Nd4 13. Nxd4 exd4 14. Nd5 Nxd5 15. Bxd5 Bd7 16. Qf3 Bc6 17. Bxc6 Qxc6 18. Bf4 Rfe8 19. Rfe1 {0-1 (54) Krug Cortegoso,R (2134)-Campora,D (2419) La Roda 2018}) 12. a3 b5 13. Bb3 $146 (13. Ba2 $11) ({Predecessor:} 13. Ba2 Bb7 14. Bd2 Rad8 15. Rac1 Qh5 16. Rfd1 e5 17. Ne1 Qxe2 18. Nxe2 Ne4 19. Bc3 Nxc3 20. Nxc3 Rxd1 21. Rxd1 Rd8 22. Rxd8+ Nxd8 23. Nd3 {½-½ (23) Hindicky,F (1926)-Uhrincat,I (2028) Slovakia 2013}) 13... e5 {Black is slightly better.} (13... Na5 $5 {[%cal Ra5b3]} 14. Ba2 Bb7 $11) 14. Rd1 Bb7 15. Bd2 e4 16. Ne1 Qg5 $36 {[%mdl 2048] White is under pressure.} 17. f4 exf3 $1 18. Nxf3 Qh5 19. Be1 Rfe8 20. Rd6 Qc5 21. Rd3 Na5 22. Ba2 (22. Bxf7+ $1 $15 Kxf7 23. b4 Bxf3 24. Qxf3) 22... Nc4 $19 23. Bf2 Ne4 24. Nxe4 Bxe4 25. Bxc4 bxc4 ({But not} 25... Qxc4 26. Rd2 $17) 26. Rdd1 Rab8 27. Nd4 $2 (27. Rac1) 27... Qg5 {[%csl Ge4][%cal Rg5g2]} 28. g3 Be5 (28... Ba8 $142 29. e4 Bxe4) 29. Kh2 $2 (29. Rd2 {was worth a try.}) 29... h5 30. Rd2 Bd3 31. Qf3 Bxd4 {[%mdl 64] Pin} 32. Rxd3 cxd3 {[%cal Bc4d3,Bd3d2][%mdl 32]} 33. exd4 Rxb2 34. Kg1 Ree2 35. Rf1 {[#]} Qf5 (35... Rxf2 $142 $1 36. Rxf2 Rxf2 37. Kxf2 Qd2+ 38. Kf1 Qc1+ {[%mdl 64] Double Attack} 39. Kg2 d2 40. Qa8+ Kg7) 36. Qg2 d2 {Black mates.} 37. d5 {[#]} Rxf2 $1 {[%mdl 64] Promotion} 38. Qxf2 (38. Rxf2 d1=Q+) 38... Qxf2+ {Accuracy: White = 15%, Black = 64%.} 0-1

[Event "Elitserien Allsvenskan 2018-19"]
[Site "Sweden"]
[Date "2019.03.29"]
[Round "7.7"]
[White "Mardell, Jonas"]
[Black "Jaderberg, Bjorn"]
[Result "0-1"]
[WhiteElo "2024"]
[BlackElo "2140"]
[Annotator "TA"]
[PlyCount "90"]
[EventDate "2018.11.09"]
[EventType "team-tourn"]
[EventCountry "SWE"]
[SourceTitle "playchess.com"]
[Source "ChessBase"]
[SourceQuality "1"]

{[%evp 12,90,0,3,26,-9,13,0,0,-22,21,0,8,0,0,0,0,-4,0,3,0,0,33,36,23,-11,27,-21,-30,-40,-38,-35,-45,-43,-37,-53,-49,-77,-60,-52,-61,-62,-62,-98,-51,-89,-84,-68,-49,-61,-50,-112,-130,-124,-110,-115,-109,-112,-112,-231,-89,-88,-88,-93,-8,-12,-8,-186,-176,-382,-386,-385,-383,-600,-601,-588,-583,-762,-762,-685,-665]} 1. e4 e6 2. d4 d5 3. exd5 exd5 4. Bd3 Nf6 5. h3 Bd6 6. Qf3 Nc6 7. c3 h6 {C01: French: Exchange Variation} 8. Be3 (8. Ne2) 8... Be6 9. Nd2 Ne7 {The position is equal.} 10. Ne2 Qd7 11. Nf4 $146 ({Predecessor:} 11. O-O Nf5 12. Bf4 Nh4 13. Qg3 g5 14. Bxd6 cxd6 15. Rfe1 {0-1 (34) Baulig,B (2158)-Rechel,R (2186) Germany 2005}) 11... Bf5 12. g4 Bxd3 13. Nxd3 Qb5 14. Qe2 a5 15. a4 Qa6 16. Ne5 Nd7 17. Qxa6 Rxa6 18. f4 (18. Nd3 {feels hotter.} f5 19. O-O-O O-O 20. f4 Nf6 21. Rdg1) 18... f6 {[%cal Rd6e5]} 19. Nxd7 (19. Nd3 {with more complications.} Ra8 20. O-O-O Kf7 21. Rde1 h5 22. f5) 19... Kxd7 20. f5 h5 {[#] White must now prevent ...hxg4.} 21. O-O-O Raa8 22. Kc2 Rh7 23. Nb3 b6 24. Nc1 Rah8 25. Rhg1 hxg4 26. hxg4 Rh3 27. Rde1 Rf3 28. Re2 Rhh3 29. Bd2 c5 30. Nb3 Nc6 31. g5 ({White should play} 31. dxc5 $15 Bxc5 32. Rd1) 31... c4 $17 32. Nc1 Rxf5 33. gxf6 gxf6 34. Rg7+ Ne7 35. b4 (35. Reg2 $17) 35... cxb3+ (35... Rf1 $19 {And now ...axb4 would win.} 36. b5 Rhh1) 36. Nxb3 Rff3 37. Nc1 Rfg3 (37... Kd8 $17) 38. Rf7 $11 f5 39. Bf4 $2 (39. Rf6 $11 {and White is okay.}) 39... Rxc3+ $19 ({Inferior is} 39... Bxf4 40. Rexe7+ Kd6 41. Ne2 $11) 40. Kb2 $2 (40. Kb1 Bxf4 41. Rexe7+ Kd6 42. Ne2 Rh1+ 43. Kb2) 40... Ba3+ ({Not} 40... Bxf4 41. Rexe7+ Kd6 42. Ne2 $17) 41. Ka2 Ke8 42. Rxf5 (42. Rg7 $142 Kf8 43. Rg1) 42... Bxc1 {Black is clearly winning.} 43. Bxc1 Rxc1 44. Rxd5 {[#]} Rc2+ $1 {[%mdl 512]} 45. Rxc2 Nxd5 {Accuracy: White = 25%, Black = 58%.} 0-1

[Event "Elitserien Allsvenskan 2018-19"]
[Site "Sweden"]
[Date "2019.03.29"]
[Round "7.8"]
[White "Schneider, Stefan"]
[Black "Cederstam Barsk, Carl"]
[Result "1/2-1/2"]
[WhiteElo "2370"]
[BlackElo "2321"]
[Annotator "TA"]
[PlyCount "82"]
[EventDate "2018.11.09"]
[EventType "team-tourn"]
[EventCountry "SWE"]
[SourceTitle "playchess.com"]
[Source "ChessBase"]
[SourceQuality "1"]

{[%evp 16,82,21,18,15,22,21,19,24,25,23,14,20,14,37,38,47,44,31,29,64,64,65,-17,-20,-39,-32,-24,-26,-21,0,-325,-8,-21,-43,-51,0,0,114,119,89,38,41,44,174,-12,-12,-24,-10,-40,-6,-6,-11,-30,-24,-49,-20,-43,0,-22,-2,-44,-38,-24,-35,-64,0,-8,-16]} 1. d4 d5 2. c4 e6 3. Nc3 Nf6 4. cxd5 exd5 5. Bg5 Be7 6. e3 c6 7. Bd3 O-O 8. Qc2 h6 9. Bh4 Nh5 {D36: Queen's Gambit Declined: Exchange Variation: Main line (5 Bg5 c6 6 Qc2)} (9... Re8 10. Nge2 Nh5 11. Bxe7 Qxe7 12. h3 a5 13. a3 Nd7 14. Na4 Qh4 15. g3 Qd8 16. g4 Nhf6 17. Ng3 Nf8 18. O-O-O {1-0 (67) Caruana,F (2799)-Kramnik,V (2803) Douglas 2017}) 10. Bxe7 Qxe7 11. Nge2 Nd7 12. O-O Nb6 13. Rae1 Bd7 14. Nc1 Rae8 15. Nb3 Nc8 16. Nc5 Nd6 17. Qa4 $146 {Nxd5! is the strong threat.} ({Predecessor:} 17. Nxd7 Qxd7 18. b3 Re7 19. f3 f5 {1-0 (54) Boettcher,P (2099)-Stern,R (2522) Berlin 2017}) 17... Bc8 18. Qxa7 Qg5 19. Kh1 (19. Ne2 $14) 19... f5 $1 $11 20. Be2 f4 21. Bxh5 $1 Qxh5 22. exf4 Bh3 {[#] White must now prevent ...Nf5.} 23. f3 $2 {[%mdl 8192]} (23. Rxe8 $11 Bxg2+ 24. Kxg2 Qg4+ {[%mdl 64] Double Attack} 25. Kh1 Qf3+ 26. Kg1 Qg4+ 27. Kh1 Qf3+ 28. Kg1 Qg4+ 29. Kh1) 23... Rxe1 $2 (23... Nf5 $19 24. N5e4 {[#]} (24. gxh3 Rxe1 {[%mdl 64] Overworked Piece} 25. Rxe1 Qxf3+ {[%mdl 64] Double Attack} 26. Kg1 Nh4 27. Re2 Qxf4 28. Re1 Qg5+ 29. Kh1 Qg2#) 24... Bxg2+ $1 {[%mdl 512]} 25. Kxg2 Nh4+ {[%mdl 64] Discovered Attack} 26. Kh1 Nxf3 {[%mdl 64] Double Attack}) 24. Rxe1 Nf5 25. Re2 $1 (25. gxh3 Qxf3+ 26. Kg1 Nh4 27. Re2 Qxf4 28. Re1 Qg5+ 29. Kh1 Qg2#) 25... Nxd4 ({Black should play} 25... Nh4 $15 26. Qxb7 Re8) 26. Rf2 $1 Bc8 (26... Rxf4 $11 27. Nd3 (27. gxh3 $2 Rxf3 28. N5e4 Qe5 $17) (27. Qxb7 Qe5 $15) (27. Nxb7 $2 Qh4 $19) 27... Bxg2+ 28. Rxg2 Qxf3) 27. Nd3 $16 Ne6 28. Ne2 (28. g4 $16 Qh4 29. Ne2) 28... Qg6 $14 29. Qe3 b6 (29... d4 $14 30. Qd2 (30. Nxd4 Nxf4 31. Rd2 Re8 $11) 30... c5) 30. Rf1 $2 ({Better is} 30. g4 $18) 30... Ba6 $36 {[%mdl 2048] Black is pushing.} 31. Rd1 Bxd3 32. Rxd3 Nxf4 33. Nxf4 Rxf4 {[%mdl 4096] Endgame KQR-KQR} 34. h3 Rc4 35. Qd2 Qf6 36. a3 b5 37. Re3 Qd4 38. Rd3 Qc5 39. Qe2 Rc1+ 40. Kh2 $1 Qg1+ (40... Qd6+ $15 41. g3 Kf7) 41. Kg3 Re1 {Accuracy: White = 48%, Black = 37%.} 1/2-1/2

[Event "Elitserien Allsvenskan 2018-19"]
[Site "Sweden"]
[Date "2019.03.29"]
[Round "7.8"]
[White "Moreau, Teodor"]
[Black "Arvidsson, Tomas"]
[Result "1-0"]
[WhiteElo "2332"]
[BlackElo "2028"]
[Annotator "TA"]
[PlyCount "77"]
[EventDate "2018.11.09"]
[EventType "team-tourn"]
[EventCountry "SWE"]
[SourceTitle "playchess.com"]
[Source "ChessBase"]
[SourceQuality "1"]

{[%evp 20,77,44,44,55,54,52,58,98,91,100,100,117,115,122,122,127,112,122,56,61,57,55,54,75,39,52,23,58,47,55,47,68,47,227,227,227,227,221,229,225,222,338,331,316,307,399,397,387,366,408,407,450,438,539,441,792,603,582,568]} 1. d4 Nf6 2. c4 g6 3. Nc3 Bg7 4. e4 d6 5. Be2 Nbd7 6. Nf3 e5 7. O-O O-O 8. Be3 Re8 9. d5 Ng4 10. Bg5 f6 11. Bh4 {[%cal Bg5h4,Bh4f2,Bf2e3][%mdl 32] LiveBook: 38 Games} a5 {E94: King's Indian: Classical: 6 Be2 e5 7 0-0: Various Black 7th moves} 12. Nd2 Nh6 13. f3 c5 $146 {White is slightly better.} ({Predecessor:} 13... Nf7 14. Qc2 Nc5 15. Nb3 Bh6 16. Bf2 b6 17. a3 Nxb3 18. Qxb3 f5 19. Qc2 {1-0 (55) Pajeken,W (2313)-Luminet,D (2279) Antwerp 2000}) 14. Qc2 Bf8 15. Bd3 Be7 16. Bf2 Rf8 17. Be3 Kg7 18. a3 Nb8 19. b4 (19. Ne2 $16) 19... axb4 $14 20. axb4 Rxa1 21. Rxa1 cxb4 {[#]} 22. Na2 $1 Na6 23. Nb3 {[%mdl 1024] White has compensation.} f5 24. Qd2 $1 $36 {[%csl LRb4,LRh6][%mdl 2048] White is more active.} f4 25. Bf2 Nc5 26. Bc2 Bh4 $2 (26... g5 $14) 27. Nxc5 $18 Bxf2+ 28. Qxf2 dxc5 29. Qxc5 Nf7 30. Nxb4 Qh4 (30... b6 $142 31. Qf2 Qc7) 31. Qf2 Qe7 32. c5 g5 33. d6 Qe6 34. Nd5 g4 35. Qh4 gxf3 36. gxf3 {White is clearly winning.} Kh8 37. Kf2 Nd8 (37... Nxd6 $142 38. cxd6 Qxd6) 38. Qe7 Qh6 {[#] Threatens to win with ...Nc6.} 39. Qxe5+ {Precision: White = 63%, Black = 31%.} 1-0